Amsterdam Schiphol Airport Destinations - Statistics

General Stats
  • This quiz has been taken 79 times
    38 since last reset
  • The average score is 190 of 287
Answer Stats
Country Answer % Correct
Argentina Buenos Aires
100%
Greece Athens
96%
Spain Barcelona
96%
China Beijing (Capital)
96%
China Beijing (Daxing)
96%
Belgium Brussels
96%
Egypt Cairo
96%
Denmark Copenhagen
96%
Ireland Dublin
96%
China (SAR) Hong Kong
96%
Portugal Lisbon
96%
France Lyon
96%
Spain Madrid
96%
Italy Milan (Bergamo)
96%
Italy Milan (Linate)
96%
Italy Milan (Malpensa)
96%
Norway Oslo
96%
France Paris (CDG)
96%
France Paris (Orly)
96%
Portugal Porto
96%
Latvia Riga
96%
Italy Rome
96%
Chile Santiago
96%
Brazil Sao Paulo
96%
China Shanghai
96%
Bulgaria Sofia
96%
Sweden Stockholm
96%
Taiwan Taipei
96%
Canada Toronto
96%
Austria Vienna
96%
Croatia Zagreb
96%
Lebanon Beirut
92%
Serbia Belgrade
92%
Germany Berlin
92%
France Bordeaux
92%
Hungary Budapest
92%
South Africa Cape Town
92%
Qatar Doha
92%
United Kingdom Glasgow
92%
Germany Hamburg
92%
Finland Helsinki
92%
Turkey Istanbul (IST)
92%
Turkey Istanbul (SAW)
92%
Indonesia Jakarta
92%
Poland Krakow
92%
United Kingdom London (City)
92%
United Kingdom London (Gatwick)
92%
United Kingdom London (Heathrow)
92%
United Kingdom London (Luton)
92%
United Kingdom London (Southend)
92%
United Kingdom London (Stansted)
92%
India Mumbai
92%
Germany Munich
92%
Italy Naples
92%
India New Delhi
92%
France Nice
92%
Brazil Rio de Janeiro
92%
Singapore Singapore
92%
Israel Tel Aviv
92%
Japan Tokyo
92%
Canada Vancouver
92%
Poland Warsaw
92%
Switzerland Zurich
92%
United Arab Emirates Abu Dhabi
88%
Turkey Ankara
88%
Switzerland Basel/ Mulhouse
88%
Norway Bergen
88%
Spain Bilbao
88%
Colombia Bogota
88%
Romania Bucharest
88%
Morocco Casablanca
88%
Ireland Cork
88%
United Arab Emirates Dubai
88%
Germany Dusseldorf
88%
United Kingdom Edinburgh
88%
Switzerland Geneva
88%
Sweden Gothenburg
88%
Cape Verde Ilha do Sal
88%
South Africa Johannesburg
88%
Malaysia Kuala Lumpur
88%
Kuwait Kuwait
88%
Nigeria Lagos
88%
Peru Lima
88%
Luxembourg Luxembourg
88%
United Kingdom Manchester
88%
Philippines Manila
88%
France Marseille
88%
Mexico Mexico City
88%
United States Miami
88%
Canada Montreal
88%
Kenya Nairobi
88%
Czechia Prague
88%
Iceland Reykjavik
88%
Costa Rica San Jose
88%
Lithuania Vilnius
88%
Jordan Amman
84%
Bahrain Bahrain
84%
United States Boston
84%
Italy Florence
84%
Germany Frankfurt
84%
Austria Innsbruck
84%
United Kingdom Leeds Bradford
84%
Spain Malaga
84%
United States New York (Newark)
84%
Japan Osaka
84%
Panama Panama City
84%
Saudi Arabia Riyadh
84%
United States San Francisco
84%
Croatia Split
84%
Germany Stuttgart
84%
France Toulouse
84%
Italy Turin
84%
Spain Valencia
84%
Italy Venice
84%
United States Washington
84%
Ghana Accra
80%
United States Atlanta
80%
Thailand Bangkok
80%
United Kingdom Belfast (City)
80%
United Kingdom Belfast (International)
80%
United Kingdom Birmingham
80%
Italy Bologna
80%
United Kingdom Cardiff
80%
United States Dallas/ Fort Worth
80%
Indonesia Denpasar
80%
Poland Gdansk
80%
United States Houston
80%
United States Los Angeles
80%
Malta Malta
80%
United Kingdom Newcastle
80%
United States New York (JFK)
80%
Austria Salzburg
80%
South Korea Seoul
80%
Spain Seville
80%
France Strasbourg
80%
Estonia Tallinn
80%
Spain Alicante
76%
Netherlands Antilles Aruba
76%
Italy Bari
76%
United States Chicago
76%
Moldova Chisinau
76%
Italy Genoa
76%
Austria Graz
76%
United Kingdom Liverpool
76%
Morocco Marrakesh
76%
United States Orlando
76%
Italy Palermo
76%
Spain Palma de Mallorca
76%
Ecuador Quito
76%
Russia Saint Petersburg
76%
United States Seattle
76%
Netherlands Antilles Sint Maarten
76%
Tanzania Zanzibar
76%
Netherlands Antilles Bonaire
72%
Germany Bremen
72%
United Kingdom Bristol
72%
Canada Calgary
72%
Mexico Cancun
72%
Senegal Dakar
72%
Croatia Dubrovnik
72%
Greece Heraklion
72%
Turkey Izmir
72%
Slovenia Ljubljana
72%
Oman Muscat
72%
United States Philadelphia
72%
Greece Thessaloniki
72%
Netherlands Antilles Curacao
68%
United States Detroit
68%
Spain Ibiza
68%
United States Las Vegas
68%
France Nantes
68%
Italy Pisa
68%
Spain Tenerife
68%
United States Austin
64%
Denmark Billund
64%
Italy Cagliari
64%
Greece Corfu
64%
Tanzania Dar es Salaam
64%
Canada Edmonton
64%
Morocco Faro
64%
China Guangzhou
64%
Germany Nuremberg
64%
Suriname Paramaribo
64%
Georgia Tbilisi
64%
Poland Wroclaw
64%
China Xiamen
64%
United Kingdom Aberdeen
60%
Kazakhstan Almaty
60%
Italy Catania
60%
Germany Dresden
60%
Germany Hanover
60%
Saudi Arabia Jeddah
60%
Rwanda Kigali
60%
Poland Poznan
60%
Greece Rhodes
60%
Denmark Aarhus
56%
India Bengaluru
56%
Morocco Fez
56%
France Montpellier
56%
Trinidad & Tobago Port of Spain
56%
Greece Santorini
56%
Norway Trondheim
56%
Denmark Aalborg
52%
Colombia Cartagena
52%
Portugal Funchal
52%
Poland Katowice
52%
Greece Kos
52%
United States Portland
52%
France Rennes
52%
Italy Verona
52%
Barbados Bridgetown
48%
Egypt Hurghada
48%
Spain Las Palmas
48%
United States Minneapolis
48%
Dominican Republic Punta Cana
48%
United Kingdom Southampton
48%
Morocco Tangier
48%
Cyprus Larnaca
44%
Finland Rovaniemi
44%
Norway Stavanger
44%
Turkey Bodrum
40%
Saudi Arabia Dammam
40%
Ecuador Guayaquil
40%
China Hangzhou
40%
United Kingdom (Dependency) Jersey
40%
United Kingdom Norwich
40%
United States Salt Lake City
40%
Egypt Sharm El Sheikh
40%
China Shenzhen
40%
Croatia Zadar
40%
Turkey Alanya
36%
Gambia Banjul
36%
Spain Girona
36%
United Kingdom Inverness
36%
Tanzania Kilimanjaro
36%
Costa Rica Liberia
36%
Cyprus Paphos
36%
Finland Tampere
36%
Norway Alesund
32%
Iraq Erbil
32%
Spain Fuerteventura
32%
Greece Zakynthos
32%
Italy Brindisi
28%
Bulgaria Burgas
28%
Greece Chania
28%
Norway Kristiansand
28%
Sweden Linköping
28%
Jamaica Montego Bay
28%
Greece Mykonos
28%
Portugal Ponta Delgada
28%
Greece Samos
28%
Spain La Palma
24%
Greece Mytilene
24%
Croatia Pula
24%
Turkey Dalaman
20%
Tunisia Djerba
20%
Egypt Marsa Alam
20%
Morocco Nador
20%
North Macedonia Ohrid
20%
Cuba Varadero
20%
Iceland Akureyri
16%
United Kingdom Humberside
16%
Greece Kalamata
16%
Italy Olbia
16%
Spain Santiago de Compostella
16%
Kazakhstan Atyrau
12%
Cape Verde Boa Vista
12%
Greece Kefalonia
12%
Finland Kittila
12%
Turkey Konya
12%
Spain Mahon
12%
Greece Preveza/ Lefkada
12%
Norway Sandefjord
12%
United Kingdom Teesside
12%
Spain Arrecife
8%
Spain Asturias
8%
Tunisia Enfidha
8%
Finland Ivalo
8%
Turkey Kayseri
8%
Greece Skiathos
8%
Turkey Trabzon
8%
Morocco Al Hoceima
4%
Greece Karpathos
4%
Finland Kuusamo
4%
Portugal Terceira
4%
Greece Kavala
0%
Cape Verde Sao Vicente
0%
No matching quizzes found
Score Distribution
Percent of People with Each Score
Percentile by Number Answered
Your Score History
You have not taken this quiz since the last reset